| 000 | 005330000a22002050004500 | ||
|---|---|---|---|
| 003 | LK-CoMWRAF | ||
| 005 | 20231203161129.0 | ||
| 008 | 230817t2004 ||||| |||| 00| 0 eng d | ||
| 020 | _a9552110041 | ||
| 040 |
_aLK-CoMWRAF _dLK-CoMWRAF _eLK-CoMWRAF |
||
| 041 | _aeng | ||
| 082 |
_a423.9148 _bMAL |
||
| 100 | _aMalalasekera, G.P. | ||
| 245 | _aMalalasekera English-Sinhala Dictionary | ||
| 250 | _a4th ed. | ||
| 260 |
_aColombo: _bM.D.Gunasena, _c2004 |
||
| 300 | _a1250 p. | ||
| 650 | _aDICTIONARIES-English-Sinhala | ||
| 942 | _cBK | ||
| 999 |
_c344 _d344 |
||